000 00770nam a22002057a 4500
999 _c8209
_d8209
003 AR-CdUCM
008 190322b ||||| |||| 00| 0 spa d
040 _aMUNICIPALIDAD PROVINCIAL DEL CUSCO
_cBIBLIOTECA MUNICIPAL DEL CUSCO
082 _23 ed.
_a553 /
_bM83
100 _aExton Mckinstry, Hugh
_923125
245 _aGeología de minas /
260 _aBarcelona :
_bOmega,
_c1970.
300 _a671 páginas ;
_c22 cm.
505 _aContenido : Introducción : La geología en la industri minera -- Primera parte : Compilación de datos geológicos -- Segunda parte : Principios geológicos de la busca y evaluación de los minerales ...
650 _aMina
_923126
650 _aGeología
_917044
650 _aCiencia
_92098
942 _2ddc
_cLIBROS
945 _arah